01929cas a2200337 a 450000500170000000800410001702200140005804001240007204100130019604400070020909000070021624500230022326000440024630000330029031000120032332100100033554600260034565000430037171000470041471000870046177000560054877600580060477600580066278000570072094200150077799900170079295202100080995202100101995201720122995201900140120170424090353.0750727c19039999it ar 0 a0ita c0 a0365-0812 aMnMULScMnMULSdNICdCtYdNdAIPdNSDPdDLCdGUdOCoLCdNcUdNL-LeOCLdMiEMdOCoLCdOCLCFdCU-SdOCLCOdDNALdCO-BoIAVH0 aitaaeng ait aSE00aAnnali di botanica aRoma :bTipografia E. Voghera,c1994?-. bilustraciones ;c24 x 17 cm. b<1995-> b1903- aItaliano e inglés..26aBotánicavPublicaciones periódicas2 aConsiglio nazionale delle ricerche (Italy)2 aUniversità degli studi di Roma "La Sapienza."bDipartimento di biologia vegetale0 tAnnali di botanica. Studi sul territoriox1122-389808iOnline version:tAnnali di botanicaw(OCoLC)60959779108iOnline version:tAnnali di botanicaw(OCoLC)60959779300tAnnuario del R. Istituto botanico di Romax1125-0968 2zcREVISTA c16689d16689 00102z40708HEMEROTECAA1994B52CSuplemento 1a. parteIINV2017aBogotabBogotad2017-04-24hVol 52, Suplemento 1a. parte (1994)l0oSEp005875r2017-04-24 00:00:00tEj. 1w2017-04-24xDonacionyREVISTA 00102z40708HEMEROTECAA1994B52CSuplemento 2a. parteIINV2017aBogotabBogotad2017-04-24hVol 52, Suplemento 2a. parte (1994)l0oSEp005876r2017-04-24 00:00:00tEj. 1w2017-04-24xDonacionyREVISTA 00102z40708HEMEROTECAA1995B53IINV2017aBogotabBogotad2017-04-24hVolúmen 53 (1995)l0oSEp005877r2017-04-24 00:00:00tEj. 1w2017-04-24xDonacionyREVISTA 00102z40708HEMEROTECAA1995B53CSuplementoIINV2017aBogotabBogotad2017-04-24hVol 53, Suplemento (1995)l0oSEp005878r2017-04-24 00:00:00tEj. 1w2017-04-24xDonacionyREVISTA